| 000 | 01025nam a22002417a 4500 | ||
|---|---|---|---|
| 999 |
_c6843 _d6843 |
||
| 003 | AR-CdUCM | ||
| 008 | 190319b ||||| |||| 00| 0 spa d | ||
| 040 |
_aMUNICIPALIDAD PROVINCIAL DEL CUSCO _cBIBLIOTECA MUNICIPAL DEL CUSCO |
||
| 082 |
_a660 / _bEH33 |
||
| 100 |
_aEhrlich R. ,Paul _919277 |
||
| 245 |
_aEl frío y las tinieblas : _bEl mundo después de una guerra nuclear / |
||
| 260 |
_aEspaña : _bAlianza , _c1986. |
||
| 300 |
_a249 páginas ; _c24.2 cm. |
||
| 505 | _aContenido : Colaboradores -- Prefacio -- Prologo, por Lewis Thomas -- Introduccion, por Donald Kennedy -- Las consecuencias atmosfericas y climaticas de la guerra Nuclear, por Carl Sagan -- Las consecuencias biologicas de la guerra nuclear, por Paul R. Ehlich... | ||
| 650 |
_aEnergia Nuclear _919278 |
||
| 650 |
_aContaminacion Nuclear _919279 |
||
| 650 |
_aEstudios de energia nuclear _919280 |
||
| 700 |
_aCarl Sagan _919281 |
||
| 700 |
_aDonald Kennedy _919282 |
||
| 700 |
_aWalter Orr Roberts _919283 |
||
| 942 |
_2ddc _cLIBROS |
||
| 945 | _artm | ||